000 01060nam a2200313 i 4500
003 EG-GICUC
005 20260324145925.0
008 260324s1940 fr ||||fr|||| 00| 0 fre d
040 _aEG-GiCUC
_bfre
_cEG-GiCUC
_dEG-GiCUC
_eRda
041 _afre
082 0 4 _221
_a343.37211
_bAL . D
092 0 4 _221
099 _aLaw1 10 343.37211 AL . D 1940
100 1 _aRached, Aly A
_eÉditeur
245 1 0 _aDe la spécialisation de la magistrature répressive /
_cMémoire soutenu par Aly A. Rached.
264 1 _aUniversité de Paris :
_bFaculté de Droit – Institut de Criminologie,
_c1940.
300 _a71 pages ;
_c 24 cm.
336 _2rda contenu
_a texte
337 _2rda medias
_aOrdinateur
338 _2 transporteur rda
_a Ressource en ligne
546 _aTexte en français
650 1 _aDroit pénal
650 1 _aDroit de procédure pénale
650 1 _amagistrature répressive
650 1 _aالقضاء الجنائي
856 4 0 _uhttps://fll.law.cu.edu.eg/fulltext/bks/B10-06873.pdf
905 _a43
942 _2ddc
_n0
_cBK
_e21
999 _c66615
_d66615